| 000 | 00743cam a2200217 a 4500 | ||
|---|---|---|---|
| 999 |
_c5537 _d5537 |
||
| 001 | 2717 | ||
| 003 | BD-DhUAP | ||
| 005 | 20201214131619.0 | ||
| 008 | 201214s1993 ii a bf 001 0 eng c | ||
| 040 |
_aUKM _cUKM _dTXA _dBD-DhUAP _bEng |
||
| 082 | 0 | 0 |
_a690 RAN _223 |
| 100 | _aRangwala, S. C. | ||
| 245 | 0 | 0 |
_aBuilding construction : _ba text-book for engineering students / _cS. C. Rangwala ; revised and enlarged by K. S. Rangwala and P. S. Rangwala. |
| 250 | _a14th rev. & enl. ed. | ||
| 260 |
_aIndia : _bCharotar publishing house, _cc1993. |
||
| 300 |
_axiii, 775 pages : _billustrations ; _c21 cm. |
||
| 504 | _aIncludes bibliographical references and index. | ||
| 650 | _aBuilding construction. | ||
| 650 | _aBuilding. | ||
| 942 |
_2ddc _cBK |
||